Batılı işçi sömürüye ortak (Record no. 10839)

MARC details
000 -BAŞLIK
Sabit Uzunlukta Kontrol Alanı 00810na a2200289 4500
001 - KONTROL NUMARASI
Denetim Alanı 23244
003 - KONTROL NUMARASI IDENTIFIER
Denetim Alanı MIRAKIL
005 - SON İŞLEM TARİHİ VE ZAMANI
Denetim Alanı 20181213155335.0
008 - SABİT-BOY VERİ ELEMANLARI - GENEL BİLGİLER
Sabit Uzunlukta Kontrol Alanı 181030b tu 000 0
020 ## - ULUSLARARASI STANDART KİTAP NUMARASI
Uluslararası Standart Kitap Numarası 9789752201354
040 ## - KATALOGLAMA KAYNAK
Orijinal Kataloglama Ajansı Milas
Kataloglama Dili tur
Metne Dönüştürmek Ajansı TR-AnCHP
041 ## - DİL KODU
Metin / Ses Parça Veya Ayrı Başlığın Dil Kodu tur
082 ## - DEWEY ONLU SINIFLANDIRMA NUMARASI
Sınıflandırma Numarası 331.88
Ürün Numarası K61b 2005
090 ## - SINIFLAMA NUMARASI
Sınıflama Numarası 331.88 KOÇb 2005
100 ## - ANA GİRİŞ - KİŞİSEL İSİM
Kişisel Ad Koç, Yıldırım
245 ## - BAŞLIK TABLOSU
Başlık Batılı işçi sömürüye ortak
Başlığın Kalan (Burjuva proletarya)
Sorumluluk Tablosu, Vb Yıldırım Koç
246 ## - UNVAN FORM VARYING
Başlık Doğru / Kısa Başlığı (Burjuva proletarya)
260 ## - YAYIN, DAĞITIM, VB
Yayın, Dağıtım, Vb Yeri Ankara
Yayıncı, Dağıtıcı, Vs Adı Bilgi Yayınevi
Yayın, Dağıtım, Vb Tarihi 2005
300 ## - FİZİKSEL TANIM
Kapsam 243 s.
Diğer Fiziksel Ayrıntıları tbl.
Boyutlar 21 sm.
490 ## - SERİSİ TABLOSU
Seri Beyanı Bir millet uyanıyor dizisi
Hacim / Ardışık Tanımı 3
504 ## - KAYNAKÇA VB NOT
Kaynakça Vb Notu Kaynakça var.
650 ## - KONU KATMA GİRİŞ - TOPİKAL DÖNEM
Topikal Süreli Veya Coğrafi Ad Giriş Elemanı Emperyalizm
650 ## - KONU KATMA GİRİŞ - TOPİKAL DÖNEM
Topikal Süreli Veya Coğrafi Ad Giriş Elemanı Emek ekonomisi
650 ## - KONU KATMA GİRİŞ - TOPİKAL DÖNEM
Topikal Süreli Veya Coğrafi Ad Giriş Elemanı İşçi sendikaları
740 ## - KATMA GİRİŞ - KONTROLSUZ İLGİLİ / ANALİTİK BAŞLIK
Kontrol Edilmeyen / İlgili Analitik Başlıktaki (Burjuva proletarya)
942 ## - EKLENDİ GİRİŞ ELEMANLARI (KOHA)
Sınıflandırma Veya Raf Düzeni Kaynak Dewey Decimal Classification
Koha Öğesi Türü Books
999 ## - SİSTEM KONTROL NUMARALARI (KOHA)
Koha Biblionumber 10839
Koha Biblioitemnumber 10839
Holdings
Kalıcı Konum Mevcut Konum Edinme Tarihi Edinim Kaynak Toplam Check-Out'Lar Tam Çağrı Numarası Barkod Tarih Son Görülme İtibaren Geçerli Fiyatlar Koha Öğesi Türü
CHP Kütüphanesi CHP Kütüphanesi 08/18/2017 Bağış   331.88 KOÇb 2005 017229 08/18/2017 08/18/2017 Books